Kraje NIE zarażone koronawirusem - Statystyki

Ogólne statystyki
  • Ten quiz został rozwiązany 140 razy
    70 od ostatniego zresetowania
  • Średni wynik to 5 z 10
Statystyki odpowiedzi
Kontynent Kraj % Poprawnych
Azja Korea Północna
67%
Oceania Wyspy Salomona
57%
Oceania Palau
55%
Oceania Tuvalu
55%
Oceania Wyspy Marshalla
55%
Oceania Mikronezja
54%
Oceania Nauru
54%
Oceania Vanuatu
52%
Oceania Tonga
49%
Oceania Samoa
46%
Nie znaleziono quizów pasujących do podanych kryteriów
Rozkład punktacji
Procent ludzi z każdym wynikiem
Percentyl według liczby udzielonych odpowiedzi
Twoja historia wyników
Nie rozwiązałeś tego quizu od ostatniego zresetowania